| 000 | 00887nam a2200229 a 4500 | ||
|---|---|---|---|
| 001 | 000047888 | ||
| 005 | 20240229180118.0 | ||
| 008 | 181002s2018 dr d r 000 0 spa d | ||
| 020 | _a9789945872231 | ||
| 040 |
_aDO-SdBNP _bspa _cBNPHU |
||
| 082 |
_axxxx _bNG576f |
||
| 100 | 1 |
_aNg Cortiñas, Haivanjoe _921599 |
|
| 245 | 1 | 0 |
_aFalsabilidad en la economía dominicana / _cHaivanjoe NG Cortiñas ; prólogo Virgilio Malagón Álvarez. |
| 260 |
_aSanto Domingo : _bDe Luxe, _c2018. |
||
| 300 |
_a277 p. : _bdiagr. ; _c22 cm. |
||
| 500 | _aLa biblioteca posee 1 ejemplar autográfiado por el autor | ||
| 500 | _aIncluye datos biográficos del autor en la contracubierta | ||
| 500 | _aIncluye referencias bibliográficas y notas al pie de las páginas | ||
| 504 | _aBibliografía : p. 271-277 | ||
| 590 | _aInventariado, 2018/BT | ||
| 700 | 1 |
_aMalagón Álvarez, Virgilio, _epról. _975452 |
|
| 999 |
_c47376 _d47376 |
||